000 00208nam a22000857a 4500
001 1236356
005 20251001163124.0
245 _aSINIFIN YENİSİ
_cBEHÇET ÇELİK
260 _bGÜNIŞIĞI KİTAPLIĞI YAYINLARI
999 _c1236356
_d1236356